Plant breeding reviews. Vol.3 (Record no. 42650)

MARC details
000 -LEADER
fixed length control field 00364nam a2200133Ia 4500
082 ## - DEWEY DECIMAL CLASSIFICATION NUMBER
Classification number 575:631.52
Item number PLA.3
100 ## - MAIN ENTRY--AUTHOR NAME
Personal name Janick, Jules
245 #0 - TITLE STATEMENT
Title Plant breeding reviews. Vol.3
260 ## - PUBLICATION, DISTRIBUTION, ETC. (IMPRINT)
Place of publication USA
Name of publisher AVI Publishing Company
Year of publication 1985
650 ## - SUBJECT ADDED ENTRY--TOPICAL TERM
Topical Term Protoplast fusion
650 ## - SUBJECT ADDED ENTRY--TOPICAL TERM
Topical Term US plant quarantine system
942 ## - ADDED ENTRY ELEMENTS (KOHA)
Koha item type Books
Holdings
Withdrawn status Lost status Damaged status Not for loan Home library Current library Date acquired Cost, normal purchase price Full call number Accession Number Koha item type
        RRII Library RRII Library 16/12/2021 55.95 575:631.52 PLA.3 22919 Books